| 000 | 01101 a2200217 4500 | ||
|---|---|---|---|
| 003 | Nust | ||
| 005 | 20170207164553.0 | ||
| 010 | _a 78026824 | ||
| 020 | _a0070217041 | ||
| 040 | _cNust | ||
| 082 | 0 | 0 | _a537 |
| 100 | 1 | _aFowler, Richard J. | |
| 245 | 1 | 0 |
_aElectricity : _bprinciples and applications / _cRichard J. Fowler. |
| 260 |
_aNew York : _bMcGraw-Hill, Gregg Division, _cc1979. |
||
| 300 |
_axiv, 322 p. : _bill. ; _c29 cm. |
||
| 440 | 0 | _aBasic skills in electricity and electronics | |
| 500 | _aIncludes index. | ||
| 505 | _a1.Basic concepts(page 1)2.Electrical quantities and units(page 12)3.Basic circuits,laws and measurements(page 33)4.Circuit components(page 53)5.Multiple-load circuits(page 87)6.Magnetism and electromagnetism(page 110)7.Basic measuring instruments(page 130)8.Alternating current and voltage(page 146)9.Power in ac circuits(page 167)10.Inductance(page 181)11.Transformers(page 202)12.Capacitance(page 227)13.R,C and L circuits(page 256)14.AC measurement(page 285)Appendixes(page 303)Index (page 319) | ||
| 538 | _aAlmirah No.17 and Shelf No.1 | ||
| 650 | 0 | _aElectricity. | |
| 942 |
_2ddc _cBK |
||
| 999 |
_c209376 _d209376 |
||